Tout les championnats ayant 1 club qui a gagné la Champions League - Statistiques

Statistiques générales
  • Ce quiz a été pris 111 fois
  • Le résultat moyen est 8 sur 10
Statistiques - réponses
Equipe % Correct
Ligue 1 (France)
100%
Premier League (Angleterre)
98%
Serie A (Italie)
97%
Bundesliga (Allemagne)
94%
LaLiga (Espagne)
94%
Liga Portugal (Portugal)
88%
Premiership (Ecosse)
71%
Superliga I (Roumanie)
65%
Super Liga (Serbie)
65%
Eredivisie (Pays-Bas)
49%
Aucun quiz correspondant
Distribution des résultats
% des personnes avec chaque résultat
Percentile par nombre de réponses
Votre historique - résultats
Vous n’avez pas pris ce quiz